Gaming Quiz

Random Gaming or Pokémon Quiz
Score 0/16 Timer 04:00
6 Plays Today
% Correct
Charmeleon
96.6%
Ivysaur
96.4%
Wartortle
94.9%
Metapod
87%
Kakuna
86.4%
Pidgeotto
84%
Poliwhirl
75.7%
Dragonair
75.5%
% Correct
Kadabra
74.2%
Graveler
74.1%
Haunter
72.2%
Machoke
71.4%
Gloom
69.4%
Nidorina
68.5%
Nidorino
68.5%
Weepinbell
65.1%

You're not logged in!

Compare scores with friends on all Sporcle quizzes.
OR
Log In

Sporcle TV

Today on Sporcle TV


Watch our educational content, quiz creation guides, and fun videos on Sporcle TV.

Show Comments

Extras

Top Quizzes Today


Score Distribution

Paid Content

Your Account Isn't Verified!

In order to create a playlist on Sporcle, you need to verify the email address you used during registration. Go to your Sporcle Settings to finish the process.

Report this User

Report this user for behavior that violates our Community Guidelines.

Details: